A RENDEZVÉNYSZERVEZÉS ELVEI, A CASINO WIN GYŐR RENDEZVÉNYEINEK PÉLDÁJÁN KERESZTÜL

Bibliographic Details
Main Author: Urbán Tibor
Other Authors: Sipos Erika
Format: Project work
Kulcsszavak:Rendezvényszervezés
Kaszinó
Győr
Online Access:http://dolgozattar.uni-bge.hu/21035

MARC

LEADER 00000nnm a2200000 i 4500
001 dolg21035
005 20190828103042.0
008 190513suuuu hu o 000 hun d
040 |a BGE Dolgozattár Repozitórium  |b hun 
041 |a hu 
100 1 |a Urbán Tibor 
245 1 2 |a A RENDEZVÉNYSZERVEZÉS ELVEI, A CASINO WIN GYŐR RENDEZVÉNYEINEK PÉLDÁJÁN KERESZTÜL  |c Urbán Tibor  |h [elektronikus dokumentum] 
516 |a Project_work 
695 |a Rendezvényszervezés 
695 |a Kaszinó 
695 |a Győr 
700 1 |a Sipos Erika  |e ths 
856 4 0 |u http://dolgozattar.uni-bge.hu/21035/1/Urb%C3%A1n%20Tibor_HQGL7Y_FLTVHV.pdf  |z Dokumentum-elérés